Statistiques concernant Pays européens dans leur langue maternelle

Cliquez ici pour prendre le quiz!

Statistiques générales

  • Ce quiz a été pris 159 fois
  • Le résultat moyen est 36 sur 45

Statistiques - réponses

PaysFrançais% Correct
United KingdomRoyaume-Uni
100%
DeutschlandAllemagne
99%
DanmarkDanemark
99%
EspañaEspagne
99%
ÍslandIslande
98%
ItaliaItalie
98%
BelgiëBelgique
97%
AndorraAndorre
95%
FranceFrance
95%
MaltaMalte
95%
MoldovaMoldavie
95%
MonacoMonaco
95%
NederlandPays-Bas
95%
PortugalPortugal
95%
Città del VaticanoVatican
95%
NorgeNorvège
94%
RomâniaRoumanie
94%
PolskaPologne
93%
LiechtensteinLiechtenstein
92%
Česká republikaRépublique tchèque
92%
SchweizSuisse
92%
KosovaKosovo
91%
SlovenijaSlovénie
91%
San MarinoSaint-Marin
90%
SlovenskoSlovaquie
89%
LietuvaLituanie
87%
ÖsterreichAutriche
86%
LatvijaLettonie
85%
EestiEstonie
78%
ÉireIrlande
78%
ΕλλάδαGrèce
73%
LëtzebuergLuxembourg
71%
SverigeSuède
69%
Северна
Македонија
Macédoine du Nord
66%
РоссияRussie
62%
УкраїнаUkraine
60%
MagyarországHongrie
58%
БългарияBulgarie
56%
Босна и
Херцеговина
Bosnie-Herzégovine
54%
SuomiFinlande
54%
HrvatskaCroatie
51%
Белару́сьBiélorussie
50%
СрбијаSerbie
49%
ShqipëriAlbanie
47%
Црна ГораMonténégro
37%

Distribution des résultats

Percentile par nombre de réponses

% des personnes avec chaque résultat

Votre développement - résultats

Vous n’avez pas pris ce quiz